|
|
|
|
| LEADER |
00000nam a22000007a 4500 |
| 005 |
20130221160328.0 |
| 007 |
cr|||| |||| |
| 008 |
130221e2012 sp |||||s|||| 00||0 spa d |
| 020 |
|
|
|a 978-84-9031-212-4
|
| 035 |
|
|
|a 6944
|
| 040 |
|
|
|a vLex
|
| 090 |
|
|
|c 3696
|d 3696
|
| 100 |
1 |
0 |
|a Llc̉er Matacs̉, Maria Rosa
|
| 245 |
1 |
3 |
|a La autorizacin̤ al tratamiento de informacin̤ personal en la contratacin̤ de bienes y servicios
|h [Recurso electrn̤ico]
|
| 256 |
|
|
|a Servicio en ln̕ea
|
| 260 |
|
|
|a Madrid :
|b Dykinson,
|c 2012
|
| 300 |
|
|
|a 1 Recurso electrn̤ico
|
| 650 |
0 |
4 |
|a Proteccin̤ de datos
|z Espaą
|
| 650 |
0 |
4 |
|a Derecho de las nuevas tecnologa̕s
|z Espaą
|
| 740 |
|
|
|a vLex Libros (Servicio en ln̕ea)
|
| 856 |
|
|
|a Acceso restringido
|u http://www.vlex.com/source/6944
|
| 942 |
|
|
|c BOOK
|
| 999 |
|
0 |
|a Data protection
|